|
|
|
|
| LEADER |
00000nam0a2200000 4500 |
| 001 |
320570 |
| 005 |
20231102003307.0 |
| 010 |
|
|
|a 9785991685641
|
| 035 |
|
|
|a (RuTPU)RU\TPU\book\346101
|
| 090 |
|
|
|a 320570
|
| 100 |
|
|
|a 20160712d2016 m y0rusy50 ca
|
| 101 |
0 |
|
|a rus
|
| 102 |
|
|
|a RU
|
| 105 |
|
|
|a a j 001zy
|
| 200 |
1 |
|
|a Машины и оборудование для природообустройства и водопользования
|e учебное пособие для вузов
|f А. Н. Цепляев, В. Г. Абезин, Д. В. Скрипкин
|
| 205 |
|
|
|a 2-е изд., испр. и доп.
|
| 210 |
|
|
|a Москва
|c Юрайт
|d 2016
|
| 215 |
|
|
|a 137 с.
|c ил.
|
| 225 |
1 |
|
|a Университеты России
|
| 320 |
|
|
|a Библиогр.: с. 137
|
| 330 |
|
|
|a В учебном пособии представлены материалы для изучения устройства конструкции мелиоративных, строительных машин и механизмов, а также рассмотрены наиболее характерные виды мелиоративных работ. Приведены основные сведения, базовые понятия, описаны средства механизации работ в природообустройстве и рационального их использования при достижении наибольшей эффективности и необходимого качества работ.Для студентов высших учебных заведений, обучающихся по инженерно-техническим направлениям и специальностям.
|
| 606 |
1 |
|
|a Сельскохозяйственные машины и орудия
|x Экономическая эффективность
|2 stltpush
|3 (RuTPU)RU\TPU\subj\54525
|9 72678
|
| 610 |
1 |
|
|a лесокустарниковая растительность
|
| 610 |
1 |
|
|a камни
|
| 610 |
1 |
|
|a удаление
|
| 610 |
1 |
|
|a технические средства
|
| 610 |
1 |
|
|a сельскохозяйственные орудия
|
| 610 |
1 |
|
|a землеройные машины
|
| 610 |
1 |
|
|a бульдозеры
|
| 610 |
1 |
|
|a скреперы
|
| 610 |
1 |
|
|a грейдеры
|
| 610 |
1 |
|
|a поля
|
| 610 |
1 |
|
|a полив
|
| 610 |
1 |
|
|a техника
|
| 610 |
1 |
|
|a учебные пособия
|
| 675 |
|
|
|a 631.3(075.8)
|v 4
|
| 700 |
|
1 |
|a Цепляев
|b А. Н.
|g Алексей Николаевич
|
| 701 |
|
1 |
|a Абезин
|b В. Г.
|g Валентин Германович
|
| 701 |
|
1 |
|a Скрипкин
|b Д. В.
|g Дмитрий Владимирович
|
| 801 |
|
1 |
|a RU
|b 63413507
|c 20160712
|
| 801 |
|
2 |
|a RU
|b 63413507
|c 20161007
|g RCR
|
| 942 |
|
|
|c BK
|
| 954 |
|
|
|l 8
|
| 959 |
|
|
|a 38/20160428
|d 5
|e 289,00
|f ЧЗТЛ:1
|f УФ:4
|